MARC

LEADER 00000nam2a2200000 4500
001 677568
005 20250115154604.0
035 |a (RuTPU)RU\TPU\book\136476 
090 |a 677568 
100 |a 20241218d1968 k y0rusy50 ca 
101 0 |a rus 
102 |a RU 
105 |a a z 001zy 
181 0 |a i   |b  e  
182 0 |a n 
183 0 |a nc  |2 RDAcarrier 
200 0 |a Вып. 40 : Совершенствование технологии буровзрывных работ  |e [сборник статей]  |f отв. ред. Э. О. Миндели 
203 |a Текст  |b визуальный  |c непосредственный 
210 |d 1968 
215 |a 106 с.  |c ил. 
283 |a volume  |2 RDAcarrier 
320 |a Библиогр. в конце ст. 
461 1 |0 677189  |9 677189  |t Научные сообщения  |o [сборник статей]  |f Академия наук СССР (АН СССР), Институт горного дела им. А. А. Скочинского (ИГД)  |g отв. ред. Г. Д. Лидин  |c Москва  |n Недра  |n Госгортехиздат  |d 1959-1988  |v Вып. 40 : Совершенствование технологии буровзрывных работ 
606 1 |a Буровзрывные работы  |9 53601 
610 1 |a шурпы 
610 1 |a ударно-поворотное бурение 
610 1 |a взрывные скважины 
610 1 |a вращательно-ударное бурение 
610 1 |a абразивные породы 
610 1 |a горючее 
610 1 |a игданиты 
610 1 |a блуждающие токи 
610 1 |a пневмопатроны 
610 1 |a угленит Э-6 
610 1 |a ядовитые газы 
610 1 |a скважинные заряды 
610 1 |a плоские заряды ВВ 
610 1 |a подземные выработки 
675 |a 622.233  |v 3 
702 1 |a Миндели  |b Э. О.  |4 340 
801 1 |a RU  |b 63413507  |c 20241218  |g PSBO 
801 2 |a RU  |b 63413507  |c 20241218  |g PSBO 
942 |c CR